| 000 | 00437pab a2200169 454500 | ||
|---|---|---|---|
| 008 | 180718b2009 xxu||||| |||| 00| 0 eng d | ||
| 100 | _aManvinder, Kaur | ||
| 245 | _aWomen's studies in academia: The discipline and its concerns | ||
| 260 | _c2009 | ||
| 300 | _ap.31-46. | ||
| 362 | _aMay-Aug | ||
| 650 | _aWomens studies | ||
| 700 | _aSultana, Ameer | ||
| 773 | _aResearch Journal Social Sciences | ||
| 908 | _aN | ||
| 909 | _a90483 | ||
| 999 |
_c90483 _d90483 |
||